A Textbook Of Pedology Conepts and Applications (Record no. 86)

MARC details
000 -LEADER
fixed length control field 00319nam a22001337a 4500
020 ## - INTERNATIONAL STANDARD BOOK NUMBER
International Standard Book Number 978-93-272-8405-8
041 ## - LANGUAGE CODE
Language code of text/sound track or separate title ENG
100 ## - MAIN ENTRY--PERSONAL NAME
Personal name J. Sehgal
245 ## - TITLE STATEMENT
Title A Textbook Of Pedology Conepts and Applications
260 ## - PUBLICATION, DISTRIBUTION, ETC. (IMPRINT)
Place of publication, distribution, etc New Delhi
Name of publisher, distributor, etc Kalyani Publishers
Date of publication, distribution, etc 2018
300 ## - PHYSICAL DESCRIPTION
Extent 502
650 ## - SUBJECT ADDED ENTRY--TOPICAL TERM
Topical term or geographic name as entry element English
856 ## - ELECTRONIC LOCATION AND ACCESS
Uniform Resource Identifier Engilsh
Holdings
Withdrawn status Lost status Source of classification or shelving scheme Damaged status Not for loan Home library Current library Date acquired Total Checkouts Barcode Date last seen Price effective from Koha item type
    Dewey Decimal Classification     College of Agricultural Engineering and Technology, Dapoli , Library College of Agricultural Engineering and Technology, Dapoli , Library 21/10/2020   007576 21/10/2020 21/10/2020 Books

Contact Us: College of Agricultural Engineering and Technology, Dapoli, Dist.- Ratnagiri
Website: https://dbskkv.org Email: caetlibrary2015@gmail.com